मौलाना जलालुद्दीन रूमी / (Record no. 15018)
[ view plain ]
| 000 -LEADER | |
|---|---|
| fixed length control field | 01982nam a22002897a 4500 |
| 005 - DATE AND TIME OF LATEST TRANSACTION | |
| control field | 20180521161547.0 |
| 010 ## - LCCN (DPL NO) | |
| LC control number | HIN-84044 राष्ट्रपति-2 B-691631 |
| 020 ## - INTERNATIONAL STANDARD BOOK NUMBER | |
| Terms of availability | 70.00 |
| International Standard Book Number | 8123014694 |
| 035 ## - SYSTEM CONTROL NUMBER | |
| System control number | B-691631 |
| 037 ## - SOURCE OF ACQUISITION | |
| Stock number | DBAD / PUB |
| 037 ## - SOURCE OF ACQUISITION | |
| Stock number | नार्थ इंडिया |
| 082 ## - DEWEY DECIMAL CLASSIFICATION NUMBER | |
| Classification number | 841.092 |
| 100 ## - MAIN ENTRY--PERSONAL NAME | |
| Personal name | मिश्र, त्रिनाथ |
| 245 ## - TITLE STATEMENT | |
| Title | मौलाना जलालुद्दीन रूमी / |
| Statement of responsibility, etc | त्रिनाथ मिश्र ; राजेन्द्र भट्ट द्वारा संपादित |
| 246 ## - VARYING FORM OF TITLE | |
| Title proper/short title | Maulaanaa Jalaaludiin Rumii |
| Remainder of title | by Trinath Mishra |
| 260 ## - PUBLICATION, DISTRIBUTION, ETC. (IMPRINT) | |
| Place of publication, distribution, etc | नई दिल्ली |
| Name of publisher, distributor, etc | प्रकाशन विभाग |
| Date of publication, distribution, etc | 2007 |
| 270 ## - ADDRESS | |
| Address | सूचना और प्रसारण मंत्रालय, भारत सरकार, सूचना भवन, सी.जी.ओ.काम्पलेक्स |
| City | नई दिल्ली |
| Postal code | 110003 |
| 300 ## - PHYSICAL DESCRIPTION | |
| Extent | 126पृ |
| Dimensions | 22सेमी (अजिल्द) |
| Other physical details | सचित्र |
| 500 ## - GENERAL NOTE | |
| General note | राष्ट्रपति-2 |
| 600 ## - SUBJECT ADDED ENTRY--PERSONAL NAME | |
| Personal name | Rumi, Maulana Jalaludin |
| General subdivision | Biography |
| -- | translations into Hindi |
| 650 ## - SUBJECT ADDED ENTRY--TOPICAL TERM | |
| Topical term or geographic name as entry element | Poet, Urdu |
| General subdivision | Biography |
| 650 ## - SUBJECT ADDED ENTRY--TOPICAL TERM | |
| Topical term or geographic name as entry element | Persian poetry |
| General subdivision | History and criticism |
| Geographic subdivision | India |
| 700 ## - ADDED ENTRY--PERSONAL NAME | |
| Personal name | भट्ट, राजेन्द्र |
| 942 ## - ADDED ENTRY ELEMENTS (KOHA) | |
| Source of classification or shelving scheme | Dewey Decimal Classification |
| Item type | Hindi Books |
| Call number prefix | मिश्रत्रि |
| Classification part | 841.092 |
| Withdrawn status | Lost status | Not for loan | Collection code | Home library | Current library | Date acquired | Source of acquisition | Cost, normal purchase price | Full call number | Barcode | Copy number | Cost, replacement price | Koha item type | Public note |
|---|---|---|---|---|---|---|---|---|---|---|---|---|---|---|
| Not For Loan | Non-fiction | D.B.Act.Division | D.B.Act.Division | 22/08/2008 | DBAD / PUB | 70.00 | 841.092 मिश्रत्रि | HN-56390 | 1 | 70.00 | Hindi Books | |||
| Non-fiction | Mobile Library | Mobile Library | 21/05/2018 | नार्थ इंडिया-BL SPL -112/5.5.18/445/4.5.18/9.5.18 | 70.00 | 841.092 मिश्रत्रि | B-691631 | 1 | 70.00 | Hindi Books | राष्ट्रपति भवन-2 |
